Let's Make Money (Record no. 333270)
[ view plain ]
| 000 -LEADER | |
|---|---|
| fixed length control field | 00527nam a2200097Ia 4500 |
| 008 - FIXED-LENGTH DATA ELEMENTS--GENERAL INFORMATION | |
| fixed length control field | 170517s9999 xx 000 0 und d |
| 245 ## - TITLE STATEMENT | |
| Title | Let's Make Money |
| 300 ## - PHYSICAL DESCRIPTION | |
| Extent | Most of us don't know where their money is. However, one thing is for certain, it's is not in the bank to which we entrusted it. The bank and our money is already a part of the cycle of the global money market. Let’s Make Money is an anti-capitalist Austrian... |
| 650 ## - SUBJECT ADDED ENTRY--TOPICAL TERM | |
| General subdivision | Business and Economics. |
| 856 ## - ELECTRONIC LOCATION AND ACCESS | |
| Uniform Resource Identifier | <a href="http://topdocumentaryfilms.com/lets-make-money/">http://topdocumentaryfilms.com/lets-make-money/</a> |
| Withdrawn status | Lost status | Damaged status | Home library | Current library | Date acquired | Total Checkouts | Date last seen | Price effective from | Koha item type |
|---|---|---|---|---|---|---|---|---|---|
| College Library | College Library | 05/17/2017 | 05/17/2017 | 05/17/2017 | Documentary Films |